Central Library OPAC University of Rajshahi

Plant physiology / (Record no. 73928)

MARC details
000 -LEADER
fixed length control field 00933nam a2200289 a 4500
001 - CONTROL NUMBER
control field 73928
003 - CONTROL NUMBER IDENTIFIER
rucl marc code BD-RjUL
005 - DATE AND TIME OF LATEST TRANSACTION
control field 20211209082449.0
008 - FIXED-LENGTH DATA ELEMENTS--GENERAL INFORMATION
fixed length control field 140128s1985 caua b 001 0 eng
020 ## - INTERNATIONAL STANDARD BOOK NUMBER
Terms of availability : IRs. 35.00
035 ## - SYSTEM CONTROL NUMBER
System control number (BD-RjUL)74146
040 ## - CATALOGING SOURCE
Original cataloging agency DLC
Transcribing agency DLC
Modifying agency DLC
-- BD-RjUL
Language of cataloging eng
041 ## - LANGUAGE CODE
Language code of text/sound track or separate title eng
082 00 - DEWEY DECIMAL CLASSIFICATION NUMBER
Edition number 19
Classification number 581.1
Author mark and year SAP 1974
100 ## - MAIN ENTRY--PERSONAL NAME
Personal name Salisbury, Frank B.
9 (RLIN) 219101
245 10 - TITLE STATEMENT
Title Plant physiology /
Statement of responsibility, etc. Frank B. Salisbury, Cleon Ross.
250 ## - EDITION STATEMENT
Edition statement Eastern Economy ed., Indian Reprint ed.
260 ## - PUBLICATION, DISTRIBUTION, ETC. (IMPRINT)
Place of publication, distribution, etc. New Delhi:
Name of publisher, distributor, etc. Prentice-Hall of India,
Date of publication, distribution, etc. c1969 [Reprinted 1974]
300 ## - PHYSICAL DESCRIPTION
Pagination xvi, 747, [14] p. :
Illustrations ill. ;
Size 29 cm.
490 ## - SERIES STATEMENT
Series statement The Wadsworth Botany Series
504 ## - BIBLIOGRAPHY, ETC. NOTE
Bibliography, etc Includes Bibliography and index.
650 ## - SUBJECT ADDED ENTRY--TOPICAL TERM
Topical term or geographic name as entry element Plant physiology.
9 (RLIN) 219102
700 1# - ADDED ENTRY--PERSONAL NAME
Personal name Ross, Cleon , jt. auth.
Dates associated with a name 1934-
830 ## - SERIES ADDED ENTRY--UNIFORM TITLE
Uniform title The Wadsworth Botany Series
942 ## - ADDED ENTRY ELEMENTS (KOHA)
Source of classification or shelving scheme Dewey Decimal Classification
Koha item type Books
Holdings
Lost status Source of classification or shelving scheme Damaged status Not for loan Collection code Permanent Location Current Location Shelving location Date acquired Source of acquisition Cost, normal purchase price Total Checkouts Full call number Date last seen Copy number Koha item type
  Dewey Decimal Classification   Not For Loan Non-fiction Central Library, University of Rajshahi Central Library, University of Rajshahi Reading Room 14/06/1976 Prentice-Hall of India 35.00   581.1 SAP 1974 21/08/2017 C-1 Books
  Dewey Decimal Classification     Non-fiction Central Library, University of Rajshahi Central Library, University of Rajshahi   24/06/1976 Rajshahi: Mukhdumi N. Market Library 85.00   571.2 SAP 1974 04/12/2018 C-2 Books